|
|
|
|
| LEADER |
00000naa2a2200000 4500 |
| 001 |
222940 |
| 005 |
20260219164851.0 |
| 035 |
|
|
|a (RuTPU)RU\TPU\book\243171
|
| 035 |
|
|
|a RU\TPU\book\243168
|
| 090 |
|
|
|a 222940
|
| 100 |
|
|
|a 20121003d2011 k y0rusy50 ca
|
| 101 |
0 |
|
|a rus
|
| 102 |
|
|
|a RU
|
| 135 |
|
|
|a drnn ---uucaa
|
| 181 |
|
0 |
|a i
|
| 182 |
|
0 |
|a b
|
| 200 |
1 |
|
|a Комплексный контроль и мониторинг реализации программ развития энергетического и коммунального сектора муниципалитета
|f В. Г. Ротарь, А. А. Лукьянец, А. Г. Чернов
|
| 203 |
|
|
|a Текст
|c электронный
|
| 215 |
|
|
|a 1 файл (243 Кб)
|
| 300 |
|
|
|a Заглавие с титульного листа
|
| 300 |
|
|
|a Электронная версия печатной публикации
|
| 337 |
|
|
|a Adobe Reader
|
| 463 |
|
1 |
|0 (RuTPU)RU\TPU\book\241205
|t Энергетика: эффективность, надёжность, безопасность
|o материалы XVII Всероссийской научно-технической конференции, Томск, 7-9 декабря 2011 г.
|f Национальный исследовательский Томский политехнический университет (ТПУ)
|v [С. 66-68]
|d 2011
|
| 610 |
1 |
|
|a города
|
| 610 |
1 |
|
|a энергетическое хозяйство
|
| 610 |
1 |
|
|a коммунальное хозяйство
|
| 610 |
1 |
|
|a контроль
|
| 610 |
1 |
|
|a комплексный мониторинг
|
| 610 |
1 |
|
|a электронный ресурс
|
| 610 |
1 |
|
|a труды учёных ТПУ
|
| 700 |
|
1 |
|a Ротарь
|b В. Г.
|c специалист в области автоматического управления
|c доцент Томского политехнического университета, кандидат технических наук
|f 1948-
|g Виктор Григорьевич
|3 (RuTPU)RU\TPU\pers\28047
|
| 701 |
|
1 |
|a Лукьянец
|b А. А.
|
| 701 |
|
1 |
|a Чернов
|b А. Г.
|
| 801 |
|
1 |
|a RU
|b 63413507
|c 20120926
|
| 801 |
|
2 |
|a RU
|b 63413507
|c 20130905
|g RCR
|
| 856 |
4 |
|
|u http://www.lib.tpu.ru/fulltext/v/Conferences/2011/K06/116023.pdf
|
| 942 |
|
|
|c CF
|